000 01924nam0a2200373 4500
001 RU\NLR\bibl\893809
005 20260405115253.0
010 _a5-93406-958-6
_950
021 _aRU
_b2005-62225
_93054
035 _a(NLR Aleph) 000882293
090 _a1666559
_c1666559
100 _a20051226d2005 |||y0rusy50 ca
101 0 _arus
102 _aRU
105 _aa |||||||||
200 1 _aМоделирование взаимодействия промышленного предприятия с природной средой
_dThe modelling of industrial plant with environment's cjjperation
_fЖ.К. Бахов, В.К. Бишимбаев, О.Г. Воробьев, Б.С. Шакиров
_gЮж.-Казах. гос. ун-т им. М. Ауезова, С.-Петерб. гос. мор. техн. ун-т
_zeng
210 _aМосква
_cКомпания Спутник+
_d2005
215 _a95 с.
_cил.
_d21
300 _aАвт. также на англ. яз.: Zn. Bakhov, V. Bishimbayev, O. Vorobyev, B. Shakirov
313 _aхим. пр-в
320 _aБиблиогр.: с. 90-95 (75 назв.)
510 0 _aThe modelling of industrial plant with environment's cjjperation
_zeng
606 1 _aОкружающая среда
_xЗагрязнение отходами химических производств
_91783277
_3RU\NLR\auth\66801799
686 _aЛ100.9
701 1 _aБахов
_bЖ. К.
_gЖумабек Кубеевич
_4070
701 1 _aБишимбаев
_bВ. К.
_gВалихан Козыкеевич
_4070
701 1 _4070
_8rus
_7ca
_aВоробьев
_bО. Г.
_cд-р техн. наук
_gОлег Геннадьевич
_3RU\NLR\auth\7745669
_928604
701 1 _aШакиров
_bБ. С.
_gБиржан Сардарович
_4070
801 0 _aRU
_bNLR
_c20051226
_grcr
801 1 _aRU
_bNLR
_c20051226
830 _aавт. по кн.
942 _cBOOK
980 _aNB